Российская государственность в периоды кризисов, войн и революций: власть, ценности, институты (Запись № 10466101)

Подробности
000 -МАРКЕР
контрольное поле 02699nam0a2200433 i 4500
001 - ИДЕНТИФИКАТОР ЗАПИСИ
контрольное поле RU\NLR\BIBL_A\010582219
005 - ИДЕНТИФИКАТОР ВЕРСИИ
контрольное поле 20260408084641.0
010 ## - МЕЖДУНАРОДНЫЙ СТАНДАРТНЫЙ НОМЕР КНИГИ (ISBN)
Номер (ISBN) 9785906051738
Тираж 500
021 ## - НОМЕР ГОСУДАРСТВЕННОЙ РЕГИСТРАЦИИ
Код страны Российская Федерация
Номер 2014-84740
Номер Листа государственной регистраци 5151
035 ## - ДРУГИЕ СИСТЕМНЫЕ НОМЕРА
Идентификатор записи (NILC)LIBNET\0000500974
035 ## - ДРУГИЕ СИСТЕМНЫЕ НОМЕРА
Идентификатор записи (NLR Aleph) 010582219
100 ## - ДАННЫЕ ОБЩЕЙ ОБРАБОТКИ
Данные общей обработки 20150113d2014 k y0rusy50 ca
101 0# - ЯЗЫК РЕСУРСА
Язык текста, звукозаписи и т.д. русский
Язык резюме английский
Язык оглавления русский
-- английский
102 ## - СТРАНА ПУБЛИКАЦИИ ИЛИ ПРОИЗВОДСТВА
Страна публикации Российская Федерация
105 ## - ПОЛЕ КОДИРОВАННЫХ ДАННЫХ: ТЕКСТОВЫЕ МАТЕРИАЛЫ, МОНОГРАФИЧЕСКИЕ
Кодированные данные о монографическом текстовом документе y|||z|||011yy
200 1# - ЗАГЛАВИЕ И СВЕДЕНИЯ ОБ ОТВЕТСТВЕННОСТИ
Основное заглавие Российская государственность в периоды кризисов, войн и революций: власть, ценности, институты
Параллельное заглавие The Russian statehood during the periods of crises, wars and revolutions: the power, values, institutes
Сведения, относящиеся к заглавию (к 100-летию начала Первой мировой войны)
Первые сведения об ответственности [Баранов А.В., Баранов Н.А., доктора полит. наук, профессора, Бляхер Л.Е., д.филос.н. и др.]
Последующие сведения об ответственности под ред. Евстифеева Р.В.
-- Рос. акад. нар. хоз-ва и гос. службы при Президенте Рос. Федерации РАНХиГС, Владим. фил.
Язык параллельного заглавия английский
210 ## - ПУБЛИКАЦИЯ, РАСПРОСТРАНЕНИЕ И ДР.
Место издания, распространения и т.д. Владимир
Имя издателя, распространителя и т. д. [б. и.]
Дата издания, распространения и т.д. 2014
215 ## - ФИЗИЧЕСКАЯ ХАРАКТЕРИСТИКА
Специфическое обозначение материала и объем 399 с.
Размеры 20
300 ## - ОБЩИЕ ПРИМЕЧАНИЯ
Текст примечания Авт. указаны на 3-й с.
300 ## - ОБЩИЕ ПРИМЕЧАНИЯ
Текст примечания Рез. на англ. яз.
320 ## - ПРИМЕЧАНИЯ О НАЛИЧИИ В ДОКУМЕНТЕ БИБЛИОГРАФИИ / УКАЗАТЕЛЯ
Текст примечания Библиогр. в подстроч. примеч.
510 1# - ПАРАЛЛЕЛЬНОЕ ЗАГЛАВИЕ
Параллельное заглавие The Russian statehood during the periods of crises, wars and revolutions: the power, values, institutes
Язык заглавия английский
607 ## - ГЕОГРАФИЧЕСКОЕ НАИМЕНОВАНИЕ КАК ПРЕДМЕТ
Географическое наименование Россия
Тематический подзаголовок Политика и управление
Системный номер авторитетной/нормативной записи 2185909
Идентификатор авторитетной/нормативной записи RU\NLR\AUTH\661314244
686 ## - ИНДЕКСЫ ДРУГИХ КЛАССИФИКАЦИЙ
Индекс 63.3(2)5-33
Издание LBC/M
Код системы
686 ## - ИНДЕКСЫ ДРУГИХ КЛАССИФИКАЦИЙ
Индекс 63.3(2)6-33
Издание LBC/M
Код системы
686 1# - ИНДЕКСЫ ДРУГИХ КЛАССИФИКАЦИЙ
Индекс Т3(2)0-5
701 #1 - ИМЯ ЛИЦА - АЛЬТЕРНАТИВНАЯ ОТВЕТСТВЕННОСТЬ
Материалы, к которым относится поле rus
Графика поля Кириллица
Начальный элемент ввода Баранов
Часть имени, кроме начального элемента ввода А. В.
Дополнения к именам, кроме дат д-р ист. наук, д-р полит. наук
Даты 1966 -
Расширение инициалов личного имени Андрей Владимирович
Идентификатор авторитетной/нормативной записи RU\NLR\AUTH\7732796
Системный номер авторитетной/нормативной записи 15804
701 #1 - ИМЯ ЛИЦА - АЛЬТЕРНАТИВНАЯ ОТВЕТСТВЕННОСТЬ
Графика поля Кириллица
Материалы, к которым относится поле rus
Начальный элемент ввода Баранов
Часть имени, кроме начального элемента ввода Н. А.
Дополнения к именам, кроме дат д-р полит. наук
Даты 1956-
Расширение инициалов личного имени Николай Алексеевич
Системный номер авторитетной/нормативной записи 16696
Идентификатор авторитетной/нормативной записи RU\NLR\AUTH\7733688
701 #1 - ИМЯ ЛИЦА - АЛЬТЕРНАТИВНАЯ ОТВЕТСТВЕННОСТЬ
Начальный элемент ввода Бляхер
Часть имени, кроме начального элемента ввода Л. Е.
Расширение инициалов личного имени Леонид Ефимович
702 #1 - ИМЯ ЛИЦА - ВТОРИЧНАЯ ОТВЕТСТВЕННОСТЬ
Начальный элемент ввода Евстифеев
Часть имени, кроме начального элемента ввода Р. В.
Расширение инициалов личного имени Роман Владимирович
Код отношения Редактор
712 02 - НАИМЕНОВАНИЕ ОРГАНИЗАЦИИ - ВТОРИЧНАЯ ОТВЕТСТВЕННОСТЬ
Код отношения Прочие
Начальный элемент ввода Российская академия народного хозяйства и государственной службы
Структурное подразделение Владимирский филиал
Идентификатор авторитетной/нормативной записи RU\NLR\AUTH\8810200081
Системный номер авторитетной/нормативной записи 288532
801 #0 - ИСТОЧНИК ЗАПИСИ
Страна Российская Федерация
Организация ГПИБ России
Дата составления 20141203
Правила каталогизации rcr
801 #1 - ИСТОЧНИК ЗАПИСИ
Страна Российская Федерация
Организация ГПИБ России
Дата составления 20141203
Правила каталогизации rcr
Источник данных rusmarc
830 ## - ОБЩЕЕ ПРИМЕЧАНИЕ, СОСТАВЛЕННОЕ КАТАЛОГИЗАТОРОМ
Текст примечания 068
942 ## - ДОПОЛНИТЕЛЬНЫЕ ЭЛЕМЕНТЫ ЗАПИСИ (АБИС)
Тип экземпляра АБИС Книга
980 ## - КОЛЛЕКЦИЯ
Название коллекции НБР

Нет доступных экземпляров.